00453nam a2200169 a 4500001001300000003000900013005001700022008004100039020002300080082001500103100002100118245005200139260002700191300000900218500003500227650002100262nice12345678IN_TiNIC20260116014844.0090129s2009 dela grp 000 0 eng  a8131602478 c67500a305.3bAGA aAgarwal, Supriya aGender, History and Cultureb Inside the Haveli aDelhibRawat Pubc2009 a238p aincludes index and biblioraphy aGender Relations